| 000 | 00973nas a2200337 4500 | ||
|---|---|---|---|
| 001 | BR2013010269 | ||
| 003 | BR-BrBNA | ||
| 005 | 20231205123441.0 | ||
| 007 | ta | ||
| 008 | 230509b bl.|||p| |||| 00| 00por d | ||
| 040 |
_aBR-BrBNA _bpor _cBiblioteca Nacional de Agricultura |
||
| 041 | _a(Pt) | ||
| 072 | _aN20; F30 | ||
| 100 | 1 | _aTonet, R. | |
| 100 | 1 | _aSachet, M.R. | |
| 100 | 1 | _aCitadin, I. | |
| 100 | 1 | _aModolo, A.J. | |
| 245 | 1 | _aConstrução e avaliação de um protótipo de máquina coletora de anteras | |
| 650 | _aPÊSSEGO | ||
| 650 | _aPRUNUS PERSICA | ||
| 650 | _aANTERA | ||
| 650 | _aPÓLEN | ||
| 650 | _aQUALIDADE | ||
| 650 | _aEXTRAÇÃO | ||
| 650 | _aMAQUÍNA AGRÍCOLA | ||
| 650 | _aPERFORMANCE | ||
| 650 | _aPROJETO DE DESENVOLVIMENTO | ||
| 773 | 0 |
_tRevista Brasileira de Fruticultura (Brazil) _xISSN 0100-2945 _g(Mar 2013), v. 35(1) p. 320-324 _wBR2013010269 |
|
| 909 |
_a202311 _bLúcia _c55 _dLúcia Elande |
||
| 942 |
_2AGRIS _n0 _cANA |
||
| 999 |
_c233933 _d233933 |
||